000 00399 a2200169 4500
001 157527
020 _a978-85-60276-16-5
040 _cEscola São Tomás de Aquino
100 _aSellos, José Mauricio
240 1 0 _aOs guardiões do verde
_lpor
245 1 0 _aOs guardiões do verde
300 _a24
362 0 _a2010
440 1 _aUni Duni
697 _aLITERATURA BRASILEIRA
942 _cBK
999 _c157527
_d157527